| 000 | 01286nam a22004097a 4500 | ||
|---|---|---|---|
| 001 | BR2011001547 | ||
| 003 | BR-BrBNA | ||
| 005 | 20230928103621.0 | ||
| 007 | ta | ||
| 008 | 230509b bl.||||| |||| 00| 0 por d | ||
| 040 |
_aBR-BrBNA _bpor _cBiblioteca Nacional de Agricultura |
||
| 041 | _a(Por) | ||
| 072 |
_aH10 _b0120 _b0170 _b4020 |
||
| 090 | _ 0120 BR2011001547 | ||
| 100 | 1 | _aMagalhães, P.C. (ed.) | |
| 100 | 1 | _aKaram, D.(ed.) | |
| 100 | 1 | _aGielfi, F.S.(ed.) | |
| 100 | 1 | _aCruz, I.(ed). | |
| 110 | 1 |
_aAssociação Brasileira de Milho e Sorgo, Goiânia, GO (Brasil) _9852 |
|
| 111 | 1 |
_a28. Congresso Nacional de Milho e Sorgo4. Simpósio Brasileiro sobre a Lagarta do Cartucho _cGoiânia, GO (Brazil) _d29-2 Aug 2010 |
|
| 245 | 1 | _aResumos. 28. Congresso Nacional de Milho e Sorgo; 4. Simpósio Brasileiro sobre a Lagarta do Cartucho | |
| 260 | 3 |
_aGoiânia, GO (Brasil): _c2010. |
|
| 300 | _a724 p. | ||
| 650 | _aBIOTECNOLOGIA | ||
| 650 | _aSORGO | ||
| 650 | _aMILHO | ||
| 650 | _aENTOMOLOGIA | ||
| 650 | _aPRAGA DE PLANTA | ||
| 650 | _aFITOTECNIA | ||
| 650 | _aGENÉTICA | ||
| 650 | _aMELHORAMENTO | ||
| 650 | _aINDUSTRIALIZAÇÃO | ||
| 650 | _aTECNOLOGIA DE ALIMENTO | ||
| 650 | _aSEMENTE | ||
| 909 |
_a202309 _bLucia _c55 _dLucia Elande |
||
| 942 | _cBK | ||
| 999 |
_c75829 _d75829 |
||